রেমব্রাণ্টের বাড়ি এক সকালে / (Record no. 3689)
[ view plain ]
| 000 -LEADER | |
|---|---|
| fixed length control field | 00708nam a2200229 a 4500 |
| 001 - CONTROL NUMBER | |
| JCCL Control Number | 3689 |
| 003 - CONTROL NUMBER IDENTIFIER | |
| JCCL marc code | BD-JhCC |
| 005 - DATE AND TIME OF LATEST TRANSACTION | |
| control field | 20171116172815.0 |
| 008 - FIXED-LENGTH DATA ELEMENTS--GENERAL INFORMATION | |
| fixed length control field | 171116s2000 bg a|||| |||| 000 0 ben d |
| 020 ## - INTERNATIONAL STANDARD BOOK NUMBER | |
| International Standard Book Number | 9844120993 |
| 035 ## - SYSTEM CONTROL NUMBER | |
| system control number | (BD-JhCC) 3689 |
| 040 ## - CATALOGING SOURCE | |
| Original cataloging agency | BD-JhCC |
| Modifying agency | BD-JhCC |
| 041 ## - LANGUAGE CODE | |
| Language code of Book | ben |
| 082 ## - DEWEY DECIMAL CLASSIFICATION NUMBER | |
| Classification number | 910.4 |
| Author mark and Year | MAM 2000 |
| 100 ## - MAIN ENTRY--PERSONAL NAME | |
| Personal name | মামুন, মুনতাসীর |
| 245 ## - TITLE STATEMENT | |
| Title | রেমব্রাণ্টের বাড়ি এক সকালে / |
| Statement of responsibility, etc | মুনতাসীর মামুন |
| 260 ## - PUBLICATION, DISTRIBUTION, ETC. (IMPRINT) | |
| Place of publication, distribution, etc | ঢাকা : |
| Name of publisher, distributor, etc | অনন্যা, |
| Date of publication, distribution, etc | ২০০০. |
| 300 ## - PHYSICAL DESCRIPTION | |
| Pagination | ১১১ পৃ. : |
| Dimensions | ২১ সেমি. |
| 650 ## - SUBJECT ADDED ENTRY--TOPICAL TERM | |
| Topical term or geographic name as entry element | Travalogue |
| 942 ## - ADDED ENTRY ELEMENTS (KOHA) | |
| Source of classification or shelving scheme | Dewey Decimal Classification |
| Koha item type | Books |
| Source of classification or shelving scheme | Damaged status | Not for loan | Home library | Current library | Shelving location | Date of accession | Source of acquisition | Cost, normal purchase price | Total Checkouts | Full call number | Barcode | Date last seen | Copy number | Koha item type |
|---|---|---|---|---|---|---|---|---|---|---|---|---|---|---|
| Dewey Decimal Classification | JCC Rouf Library | JCC Rouf Library | General Stacks | 11/16/2017 | Foundation of Tenth's Efforts | 80.00 | 910.4 MAM 2000 | 5331 | 11/16/2017 | C-1 | Books | |||
| Dewey Decimal Classification | JCC Rouf Library | JCC Rouf Library | General Stacks | 11/27/2017 | 80.00 | 910.4 MAM 2000 | 5885 | 11/27/2017 | C-2 | Books |